00320nam a2200133Ia 4500008004100000041000800041082001900049100001500068245002900083260002100112300000800133365001500141700003000156230718s9999 xx 000 0 und d aeng a621.319'2bBHI aBhide S.D. aLinear Circuits Analysis c1999bShreevidya a120 cRs.b80.00 aBhide S.D. & Tokekar M.K.